Statistics for Space Exploration Trivia

Click here to take the quiz!

General Stats

  • This quiz has been taken 20,383 times
    (1,545 since last reset)
  • The average score is 15 of 20

Answer Stats

ClueAnswer% Correct
First person on the moonNeil Armstrong
100%
Russian version of astronaut{Cosmo}naut
95%
Second person on the moonBuzz Aldrin
95%
City where NASA mission control is locatedHouston
93%
Fill the blanks in these quotesThe {eagle} has landed
91%
Codename : US program to land a man on the moonApollo
91%
Fill the blanks in these quotesOne {giant} {leap} for mankind
90%
First man-made satellite to orbit EarthSputnik
88%
Space telescope launched in 1990Hubble
87%
First person to orbit EarthYuri Gagarin
85%
Space shuttle that blew up in 1986Challenger
84%
NASA's launch site{Kennedy} Space Center
80%
Three-letter former Russian space stationMir
72%
First private company to send people into orbit (2020)SpaceX
70%
Type of rocket used on the lunar missions{Saturn} V
58%
First American to orbit EarthJohn Glenn
57%
German rocket scientist who moved to the U.S. after WWIIWernher von Braun
55%
Codename : US program to put a man in orbitMercury
42%
Russian spacecraft docked at the International Space Station as an escape podSoyuz
41%
Chinese version of astronaut{Taiko}naut
34%

Score Distribution

Percentile by Number Answered

Percent of People with Each Score

Your Score History

You have not taken this quiz since the last reset